000 00426nam a2200181Ia 4500
001 1838
005 20260306143758.0
008 260306t2013||||xx |||||||||||||| ||spa||
041 _aESP
082 _a155.7
_bB38
100 _aBeltrán Llera, Jesús A.
_eAUT
245 0 _aPsicología del desarrollo
260 _c2013
300 _a349 páginas :
_c24 cm.
650 _aGEN
654 _aCPS
942 _cLIB
_dJUS
_fJUS
_2ddc
_n
999 _c1838
_d1838